Statistics for FIFA Under-20 Women's World Cup host countries

Click here to take the quiz!

General Stats

  • This quiz has been taken 10 times
  • The average score is 9 of 11

Answer Stats

HintAnswer% Correct
2018France
100%
2010Germany
100%
2012Japan
100%
2006Russia
100%
2014Canada
90%
2002Canada
90%
2024Colombia
80%
2008Chile
60%
2022Costa Rica
50%
2004Thailand
50%
2016Papua New Guinea
30%

Score Distribution

Percentile by Number Answered

Percent of People with Each Score

Your Score History

You have not taken this quiz